Journal of Indian Prosthodontic Society (Record no. 27449)

MARC details
000 -LEADER
fixed length control field 00234nam a22000977a 4500
003 - CONTROL NUMBER IDENTIFIER
control field SGT
245 ## - TITLE STATEMENT
Title Journal of Indian Prosthodontic Society
260 ## - PUBLICATION, DISTRIBUTION, ETC. (IMPRINT)
Name of publisher, distributor, etc Medknow Publications
Year of Publication 2006-2009
300 ## - PAGE DESCRIPTION
No. of Pages 214; 219; 238; 242
942 ## - ADDED ENTRY ELEMENTS (KOHA)
Source of classification or shelving scheme Dewey Decimal Classification
Koha item type Back Volumes
Holdings
Withdrawn status Lost status Source of classification or shelving scheme Damaged status Not for loan Home library Current library Date acquired Volume Information (Serial or Books or Non-Book Material) SGTU Total Checkouts Accession No. (Barcode) Date last seen Bill Date Koha item type
    Dewey Decimal Classification   Not For Loan SGT Dental Library SGT Dental Library 19/11/2024 Vol. 6 SGTU   PD122 19/11/2024 19/11/2024 Back Volumes
    Dewey Decimal Classification   Not For Loan SGT Dental Library SGT Dental Library 19/11/2024 Vol. 7 SGTU   PD123 19/11/2024 19/11/2024 Back Volumes
    Dewey Decimal Classification   Not For Loan SGT Dental Library SGT Dental Library 19/11/2024 Vol. 8 SGTU   PD124 19/11/2024 19/11/2024 Back Volumes
    Dewey Decimal Classification   Not For Loan SGT Dental Library SGT Dental Library 19/11/2024 Vol. 9 SGTU   PD125 19/11/2024 19/11/2024 Back Volumes